Movies Quiz

Random Movies or Disney Quiz

Disney Villains by Henchmen Quiz Stats

 Plays Quiz Updated Jul 5, 2016

Score 0/15 Timer 04:00
23 Plays Today
Hint Answer % Correct
Scar (The Lion King)
96.2%
Captain Hook (Peter Pan)
94.9%
Jafar (Aladdin)
92.7%
Ursula (The Little Mermaid)
89.9%
Cruella de Vil (One Hundred and One Dalamtians)
82%
Gaston (Beauty and the Beast)
79.8%
Hades (Hercules)
79.6%
The Evil Queen (Snow White and the 7 Dwarfs)
71.7%
Hint Answer % Correct
Maleficent (Sleeping Beauty)
61.9%
Lady Tremaine (Cinderella)
58%
Yzma (The Emperor's New Groove)
57.8%
Prince John (Robin Hood)
54%
Governor John Ratcliffe (Pocahontas)
29.9%
Shan Yu (Mulan)
29%
Madame Medusa (The Rescuers)
21.8%

You're not logged in!

Compare scores with friends on all Sporcle quizzes.
OR
Log In

Sporcle TV

Today on Sporcle TV


Watch our educational content, quiz creation guides, and fun videos on Sporcle TV.

Show Comments

Extras

Top Quizzes Today


Score Distribution

Your Account Isn't Verified!

In order to create a playlist on Sporcle, you need to verify the email address you used during registration. Go to your Sporcle Settings to finish the process.

Report this User

Report this user for behavior that violates our Community Guidelines.

Details: